Operating system kernal space malware detection approach using machine learning (Record no. 6160)

MARC details
000 -LEADER
fixed length control field 00594nam a22001937a 4500
003 - CONTROL NUMBER IDENTIFIER
control field OSt
005 - DATE AND TIME OF LATEST TRANSACTION
control field 20220107122843.0
008 - FIXED-LENGTH DATA ELEMENTS--GENERAL INFORMATION
fixed length control field 180717b xxu||||| |||| 00| 0 eng d
040 ## - CATALOGING SOURCE
Transcribing agency IIITMK
100 ## - MAIN ENTRY--PERSONAL NAME
Personal name Renjith G. (93517012)
9 (RLIN) 14523
245 ## - TITLE STATEMENT
Title Operating system kernal space malware detection approach using machine learning
300 ## - PHYSICAL DESCRIPTION
Extent MPhil CS 2017-2018
502 ## - DISSERTATION NOTE
Degree type MPhil CS
Name of granting institution 2017-2018
Year degree granted INT
-- Dr. Tony Thomas
650 ## - SUBJECT ADDED ENTRY--TOPICAL TERM
Topical term or geographic name entry element MALWARE DETECTION
9 (RLIN) 14524
650 ## - SUBJECT ADDED ENTRY--TOPICAL TERM
Topical term or geographic name entry element KERNEL SPACE
9 (RLIN) 14525
650 ## - SUBJECT ADDED ENTRY--TOPICAL TERM
Topical term or geographic name entry element MALICIOUS SOFTWARE
9 (RLIN) 14526
650 ## - SUBJECT ADDED ENTRY--TOPICAL TERM
Topical term or geographic name entry element MACHINE LEARNING
9 (RLIN) 14527
942 ## - ADDED ENTRY ELEMENTS (KOHA)
Source of classification or shelving scheme Dewey Decimal Classification
Koha item type
Holdings
Withdrawn status Lost status Source of classification or shelving scheme Damaged status Not for loan Collection code Home library Current library Shelving location Date acquired Total Checkouts Barcode Date last seen Price effective from Koha item type
    Dewey Decimal Classification     Non Fiction IIITM-K Kerala University of Digital Sciences, Innovation and Technology Knowledge Centre   17/07/2018   R-1442 17/07/2018 17/07/2018 Project Reports